000 01144cam a22003614a 4500
001 2152
003 FISKH
005 20231107145913.0
008 050909s2006 nyua b 000 0beng
010 _a 2005025504
020 _a0448443600
020 _a9780545484145
040 _aDLC
_cDLC
_dDLC
_beng
042 _apcc
043 _af-ua---
050 0 0 _aDT87.5
_b.E38 2006
082 0 0 _a932/.014092
_aB
_222
100 1 _aEdwards, Roberta.
245 1 0 _aWho was King Tut? /
_cby Roberta Edwards ; illustrated by True Kelley.
260 _aNew York :
_bScholastic,
_c2006.
300 _a105 pages :
_billustrations ;
_c20 cm
490 0 _aWho was ?
505 _aR
520 _aExplains the life and times of this ancient Egyptian ruler, covering the story of the tomb's discovery, as well as myths and stories of mummy curses.
521 8 _a690
_bLexile
521 8 _aR
_bRaz-Plus
600 0 0 _aTutankhamen,
_cKing of Egypt.
650 0 _aPharaohs
_vBiography.
651 0 _aEgypt
_xAntiquities.
700 1 _aKelley, True,
_eillustrator
906 _a7
_bcbc
_corignew
_d1
_eecip
_f20
_gy-gencatlg
942 _2ddc
_cBK
_n0
999 _c2152
_d2152